Loading...
| Fine Arts - Auditory Fine Arts | 0 | 6 | 1 | 0 | 55 | 83 | 103.17 | 1 | 3 |
| Current Events | 2 | 0 | 0 | 0 | 30 | 31 | 42.50 | 1 | 2 |
| Social Science | 0 | 2 | 0 | 1 | 20 | 65 | 93.50 | 1 | 1 |
| History - American History | 0 | 2 | 0 | 0 | 20 | 71 | 91.00 | 1 | 2 |
| Literature - American Literature | 0 | 2 | 0 | 1 | 20 | 95 | 122.50 | 0 | 1 |
| Religion | 0 | 2 | 1 | 0 | 15 | 114 | 115.50 | 0 | 1 |
| History - World History | 0 | 1 | 0 | 1 | 10 | 133 | 133.00 | 0 | 1 |
| Fine Arts - Other Fine Arts | 0 | 2 | 2 | 0 | 10 | 84 | 87.50 | 1 | 1 |
| Science - Chemistry | 0 | 1 | 0 | 0 | 10 | 127 | 127.00 | 0 | 0 |
| Science - Physics | 0 | 1 | 0 | 1 | 10 | 132 | 132.00 | 0 | 0 |
| History - Other History | 0 | 0 | 1 | 0 | -5 | 0.00 | 0 | 0 | |
| History - European History | 0 | 0 | 1 | 0 | -5 | 0.00 | 0 | 0 |